000 00332nam a2200145Ia 4500
008 150201s2014 xx 000 0 und d
082 _a610.7362
_bP14C
100 _aCHELLAPPA, JESSIE
245 _aPEDIATRICS NURSING
250 _a2ND
260 _bA.P. JAIN
_c2014
300 _a480
650 _aPEDIATRICS
942 _2ddc
_cBK
_07
999 _c2452
_d2452